Cryptography and network security (Record no. 191601)
[ view plain ]
| 000 -LEADER | |
|---|---|
| fixed length control field | 00470nam a2200169Ia 4500 |
| 005 - DATE AND TIME OF LATEST TRANSACTION | |
| control field | 20241219141330.0 |
| 008 - FIXED-LENGTH DATA ELEMENTS--GENERAL INFORMATION | |
| fixed length control field | 231217s9999 xx 000 0 und d |
| 020 ## - INTERNATIONAL STANDARD BOOK NUMBER | |
| International Standard Book Number | 9780070702080 |
| 082 ## - DEWEY DECIMAL CLASSIFICATION NUMBER | |
| Classification number | 001.64404 FOR;18 |
| 100 ## - MAIN ENTRY--PERSONAL NAME | |
| Personal name | Forouzan, Behrouz A. Mukhopadhyah, Debdeep. |
| 245 #0 - TITLE STATEMENT | |
| Title | Cryptography and network security |
| 250 ## - EDITION STATEMENT | |
| Edition statement | 2nd ed. |
| 260 ## - PUBLICATION, DISTRIBUTION, ETC. (IMPRINT) | |
| Date of publication, distribution, etc. | 2010 |
| Name of publisher, distributor, etc. | Tata McGraw-Hill |
| Place of publication, distribution, etc. | New Delhi |
| 300 ## - PHYSICAL DESCRIPTION | |
| Extent | xxiv, 702 |
| 650 ## - SUBJECT ADDED ENTRY--TOPICAL TERM | |
| Topical term or geographic name as entry element | Cryptography,network |
| 942 ## - ADDED ENTRY ELEMENTS (KOHA) | |
| Koha item type | Books |
| Date last seen | Total Checkouts | Full call number | Accession number | Old discount | Uniform Resource Identifier | Cost, replacement price | Price effective from | Category | Public note | Lost status | Damaged status | Department | Withdrawn status | bill no. | bill date | Permanent Location | Current Location | Shelving location | Entry date | Vendor | Cost, normal purchase price | Grants | Currency symbol | Conversion rate | Discount | Discount type |
|---|---|---|---|---|---|---|---|---|---|---|---|---|---|---|---|---|---|---|---|---|---|---|---|---|---|---|
| 26/01/2024 | 001.64404 FOR;18 | 77261 | 7 | digital/contents/76941.pdf | 325.50 | 26/01/2024 | Books | SC-ST(1871) | Central Library | SBH/CRB/069808 | 18/11/2015 | Central Library | Central Library | SC-ST | 14/02/2011 | Sapna Book House | 350.00 | SC-ST | RS | 1 | 24.5 | Rupees | ||||
| 26/01/2024 | 001.64404 FOR;19 | 77262 | 7 | digital/contents/76941.pdf | 325.50 | 26/01/2024 | Books | SC-ST(1872) | Central Library | SBH/CRB/069808 | 19/11/2015 | Central Library | Central Library | SC-ST | 14/02/2011 | Sapna Book House | 350.00 | SC-ST | RS | 1 | 24.5 | Rupees | ||||
| 26/01/2024 | 001.64404 FOR;20 | 84945 | digital/contents/76941.pdf | 26/01/2024 | Books | Donated By Dr.C V Srikrishna | MCA | 14/08/2019 | Central Library | Central Library | MCA | 16/03/2013 | DONATED | RS | 1 | Rupees |
